00662 2200181 4500001002100000005001500021035002000036007000300056008004100059082001000100084001600110245012600126260008300252300004300335650000900378110006500387600002800452INLIS00000000000155520260127093510 a0010-0126000014ta260127 g 0 ind  a635.2 a635.2 BAL t1 aTeknologi Penanganan Pascapanen Bawang Merah di Indonesia /cBalai Besar Penelitian dan Pengembangan Pascapanen Pertanian aJakarta :bBalai Besar Penelitian dan Pengembangan Pascapanen Pertanian,c2016 aiii, 15 hlm, :bilus, ;c15 cm x 21 cm 4aBuku2 aBalai Besar Penelitian dan Pengembangan Pascapanen Pertanian 4aPascapanen Bawang Merah